| 000 | 00644nam a22002297a 4500 | ||
|---|---|---|---|
| 005 | 20170124105933.0 | ||
| 010 | _aA-541071 | ||
| 020 | _c00.00 | ||
| 035 | _aA-541071 | ||
| 037 | _bCen Lib/Ret | ||
| 040 |
_aDPL _bEN |
||
| 082 |
_a302.5 _bJOH |
||
| 100 |
_aJohn, M. P. _98908 |
||
| 245 |
_aThe creative power in the iondividual / _cby M.P. John |
||
| 260 |
_aPondicherry _c1992 _bConsecration |
||
| 270 |
_bPondicherry _a13/15, Rue De La compagnie _e605001 |
||
| 300 |
_a109p. _c17cm(Hb) |
||
| 490 | _a | ||
| 650 |
_aCreativity Development _98909 |
||
| 650 |
_aPhilosophy _985839 |
||
| 942 |
_2ddc _cEN _h302.5 _mJOH |
||
| 999 |
_c124017 _d124017 |
||